[Event "Baile Felix Cup 26th"]
[Site "Baile Felix"]
[Date "2011.05.20"]
[Round "1"]
[White "Cioara, Andrei Nestor"]
[Black "Paul, Marius Adrian"]
[Result "1-0"]
[WhiteElo "2427"]
[BlackElo "1820"]
[PlyCount "67"]
[EventDate "2011.05.20"]
[EventType "swiss"]
[EventRounds "7"]
[EventCountry "ROU"]
[SourceTitle "CBM 142 Extra"]
[Source "ChessBase"]
[SourceDate "2011.06.27"]
[SourceVersion "1"]
[SourceVersionDate "2011.06.27"]
[SourceQuality "1"]

1. d4 d5 2. c4 e6 3. g3 Nf6 4. Nf3 Be7 5. Bg2 h6 6. 0-0 0-0 7. Nc3 c6 8. Bf4 Nbd7 9. Qc2 Re8 10. Rfd1 Bf8 11. Ne5 Nxe5 12. dxe5 Nd7 13. cxd5 exd5 14. e4 Nxe5 15. exd5 Qf6 16. dxc6 Nxc6 17. Nd5 Qf5 18. Qxf5 Bxf5 19. Nc7 Rad8 20. Nxe8 Rxe8 21. Re1 Rc8 22. Rac1 Bb4 23. Red1 Re8 24. a3 Ba5 25. Be3 Bg4 26. Rd5 Be6 27. Rb5 Bb6 28. Bxb6 axb6 29. Rxb6 Bc8 30. Bxc6 bxc6 31. Rb8 Bd7 32. Rxe8+ Bxe8 33. a4 Kf8 34. a5 1-0